000 00819cam a2200217 4500
008 000000n2000 000 0 eng u
035 _a(Sirsi) u106088
245 _aContract guidance
260 _c2000
490 _aHM Treasury Press Release
_v(66) 23 May 2000
490 _aContract Journal
_v403(6278) 24 May 2000, 3(4)
520 _aTreasury has launched contract guidance for PFI, Design & Build and Prime Contracting. The document aims to provide clear guidance for government departments on the strategies to be used for procurement decisions on public buildings.
590 _aWB
650 _aMANAGEMENT-BUSINESS MANAGEMENT-PROCUREMENT
650 _aPRIME CONTRACTING
650 _aDESIGN AND BUILD
650 _aPFI
650 _aPUBLIC BUILDINGS
690 _aProcurement
_96260
942 _n0
999 _c63552
_d63552